000
00331nam a22001457a 4500
008
221209b ||||| |||| 00| 0 eng d
020
_a
9781439049846
041
_a
eng
080
_2
tenth edition
_a
91
082
_a
91MIL
100
_a
19.2
101
_a
GJEO
245
_a
SUSTAINING THE EARTH
_c
MILLER T G
942
_2
udc
_c
BK
999
_c
59149
_d
59149